| 000 | 00977 a2200205 4500 | ||
|---|---|---|---|
| 020 | _a0415103304 | ||
| 020 | _a9780415103305 | ||
| 082 | 0 | 4 | _a658.4092 |
| 090 |
_c2427 _d2427 |
||
| 100 | 1 | _aShackleton, Viv. | |
| 245 | 1 | 0 |
_aBusiness leadership / _cViv Shackleton. |
| 250 | _a1st ed. | ||
| 260 |
_a[S.l.] : _bIntl Thomson Business Press, _c1995. |
||
| 300 |
_a192 p. ; _c22 cm. |
||
| 500 | _aHardcover. | ||
| 520 | _aPart of Essential Business Psychology Series to be launched in 1995, the book discusses the current theories about managerial leadership from a psychology perspective. Discusses both how to assess leadership potential and how to develop leadership skills in a modern business context. Useful summary for teachers and consultants. | ||
| 856 | 4 | 0 |
_3Amazon.com _uhttp://www.amazon.com/exec/obidos/ASIN/0415103304/chopaconline-20 |
| 856 | 4 | 0 |
_3Amazon customer reviews _uhttp://www.chopac.org/cgi-bin/tools/azrev.pl?q=0415103304 |
| 942 |
_aNBS _cBK _k658.4092 SHA |
||
| 999 |
_c344925 _d344925 |
||